01270nam a22001937a 450000500170000000800410001702000180005804000070007604100080008308200200009110000220011124500330013326000360016630000260020236500600022852006810028865000830096970000240105220211029112040.0211029b ||||| |||| 00| 0 eng d a9781526633835 cAL aeng 223a813.6bLOCN aPatricia Lockwood aNo one is talking about this aLondonbBloomsbury Circusc2021 a210 p.bPBc21x13 cm. aBLCR-000062b₹479.20c₹d₹599.00e20%f04-10-2021 aShortlisted for the Booker Prize 2021 and the Women’s Prize for Fiction 2021 This is a story about a life lived in two halves. It's about what happens when real life collides with the world accessed through a screen. It's about where we go when existential threats loom and high-stakes reality claims us back. It's about living in world that contains both an abundance of proof that there is goodness, empathy, and justice in the universe, and a deluge of evidence to the contrary. Irreverent and sincere, poignant and delightfully profane, No One Is Talking About This is a meditation on love, language and human connection from one of the most original voices of our time. aShortlisted for the Booker Prize 2021 and the Women’s Prize for Fiction 2021 aLOCKWOOD (Patricia)